Les Clans de dragons des "Royaumes de Feu" - Statistiques

Statistiques générales
  • Ce quiz a été pris 46 fois
  • Le résultat moyen est 9 sur 10
Statistiques - réponses
Hint Réponse % Correct
Région de Pyrrhia Ailes de Pluie
100%
Région de Pyrrhia Ailes de Boue
98%
Région de Pyrrhia Ailes de Sable
98%
Région de Pyrrhia Ailes de Nuit
95%
Région de Pyrrhia Ailes de Glace
93%
Région de Pyrrhia Ailes de Mer
93%
Région de Pyrrhia Ailes du Ciel
93%
Région de Pantala Ailes de Guêpe
90%
Région de Pantala Ailes de Soie
83%
Région de Pantala Ailes de Feuille
80%
Aucun quiz correspondant
Distribution des résultats
% des personnes avec chaque résultat
Percentile par nombre de réponses
Votre historique - résultats
Vous n’avez pas pris ce quiz